000 00543nam a2200217Ia 4500
005 20250425162808.0
008 250425s9999 xx 000 0 und d
041 _aeng
082 _a622.02
100 _aCUMMINS, ARTHUR B.
245 0 _aSME MINING ENGINEERING HANDBOOK (VOL. 2)
250 _aS.E.
260 _aEstados Unidos
_bSOCIETY OF MINING ENGINEERS
_c1973
260 _aNEW YORK
300 _a3534
650 _aINGENIERIA DE MINAS
650 _aMINERIA
650 _aPROYECTOS MINEROS
942 _c01
010 _a108891
999 _c236570
_d236570